| 000 | 01098 a2200241 4500 | ||
|---|---|---|---|
| 003 | Nust | ||
| 005 | 20221028191809.0 | ||
| 010 | _a 94018580 | ||
| 020 | _a0471942529 : | ||
| 040 | _cNust | ||
| 082 | 0 | 0 | _a621.31245,MES |
| 100 | 1 |
_aMesserle, Hugo K. _9101708 |
|
| 245 | 1 | 0 |
_aMagnetohydrodynamic electrical power generation / _cHugo K. Messerle. |
| 260 |
_aChichester ; _aNew York : _bJ. Wiley, _cc1995. |
||
| 300 |
_axvii, 191 p. : _bill. ; _c25 cm. |
||
| 440 | 0 |
_aEnergy engineering learning package _9101709 |
|
| 440 | 0 |
_aUNESCO energy engineering series _9101710 |
|
| 505 | _aIntroduction (Page-1), MHD Plasmas (Page-21), Electrodynamics (Page-37), Fluid Mechanics (Page-57), Generator Design (Page-77), Disk Generator (Page-95), Non-Equilibrium Ionisation (Page-109), Simulation and Power Conditioning (Page-127), MHD Power Applications (Page-145), Power System Integration (Page-159). | ||
| 650 | 0 |
_aElectric power production _xMagnetohydrodynamic generation. _9101711 |
|
| 650 | 0 |
_aMagnetohydrodynamic generators. _9101712 |
|
| 650 | 0 |
_aMagnetohydrodynamics. _9101713 |
|
| 942 |
_2ddc _cBK |
||
| 999 |
_c179643 _d179643 |
||